=LDR 00000nam 2200000 4500 =001 INLIS000000000057469 =005 20210121102356 =035 ##$$a 0010-0121000059 =008 210121################g##########0#ind## =041 ##$$a ind =082 ##$$a 330.959 802 1 =090 ##$$a 330.959 802 1, Bad i =245 1#$$a Indikator ekonomi = Economic indicators : Buletin statistik bulanan = Monthly statistical bulletin April 2009 /$c Badan Pusat Statistik =260 ##$$a Jakarta :$b Badan Pusat Statistik,$c 2009 =650 #4$$a Ekonomi - Buletin =850 ##$$a NBPNMAT =084 ##$$a 330.959 802 1 BAD i =100 ##$$a Badan Pusat Statistik =300 ##$$a 160 hlm, : $b Tabel ; $c 21 x 29 cm. =990 ##$$a 3201001376 =990 ##$$a 13771377 =990 ##$$a 31011295 =990 ##$$a 3201001377 =990 ##$$a 31011296 =990 ##$$a 31011295 =990 ##$$a 31011301 =990 ##$$a 31011295 =990 ##$$a 31011296 =990 ##$$a 15521552 =990 ##$$a 31011301 =990 ##$$a 31011295 =990 ##$$a 31011296